000 02145cam a22005774i 4500
003 PE-LiUPU
005 20250731180137.0
008 150616s1981 mx a rb 001 0 spa d
020 _a9681806670
020 _a9789681806675
035 _a(Sirsi) i9789681806675
040 _aPE-LiUPU
_bspa
_cPE-LiUPU
_erda
049 _aPRUA
082 0 4 _a516.3
_bM95
_221
100 1 _aMurdoch, D. C.,
_eautor.
245 1 0 _aGeometría analítica con vectores y matrices /
_cD.C. Murdoch.
264 1 _aMéxico D.F. :
_bEditorial Limusa,
_c1981.
300 _a304 páginas :
_bilustraciones ;
_c23 centímetros
336 _atext
_2rdacontent
337 _aunmediated
_2rdamedia
338 _avolume
_2rdacarrier
504 _aBibliografía: páginas 291.
504 _aÍndice: páginas 30-303.
505 0 _aConceptos básicos -- Coordenadas, funciones y gráficas -- Rectas y circunferencias en el plano -- Vectores -- Planos rectas y esferas en E3 -- Cónicas y cuádricas -- Espacios vectoriales y transformaciones de coordenadas -- Matrices, determinantes y ecuaciones lineales -- Transformaciones ortogonales y rotaciones en E3 -- Coordenadas polares y números complejos.
526 _aSEG44
526 _aSEG26
526 _aP159
526 _aP155
526 _aP154
526 _aP153
526 _aP150
526 _aP100
526 _aP31
526 _aP30
526 _aP26
526 _aP25
526 _aP24
526 _aP22
526 _aP15
526 _aP10
650 0 4 _aGeometria Analitica.
_921
650 0 4 _aAnalytic geometry.
910 _ajck
_bjvq
_cjck
910 _bksl
_cksl
_d20190424
942 _2ddc
_cBOOK
949 _a516.3 M95
_wDEWEY
_c1
_i31516
_lCCODEBUL1
_mBUL
_r0
_sY
_tBOOK
_u2015-6-16
_xEDUCACION
_PP20
_0COMPRA
_o.STAFF. Colección Ciencias Humanas y Educación
994 _aC0
_bPEPRU
596 _a1
999 _a516.3 M95
_wDEWEY
_c48543
_i31516
_d48543
_f2021-11-8
_g4
_lCCODEBUL1
_mBUL
_p25.00
_q1
_r0
_sY
_tBOOK
_u2015-6-16
_xEDUCACION
_PP20
_0COMPRA
_o.STAFF. Colección Ciencias Humanas y Educación
980 _81
_gALBERTO SANCHEZ Responsable de Automatización